000 00331nam a22001217a 4500
020 _a9788170357735
082 _a551.697
_bCHA/SU
100 _aChand Subhash
_aSingh Lal
_9333
245 _aSustainable Agriculture, Food Security and Climate Change
260 _aNew delhi
_bDaya Publishing House
_c2012
300 _a218
942 _cBK
999 _c14256
_d14256